Tolerating the Intolerable: the decriminalization of prostitution in Kenya (Record no. 3984)

000 -LEADER
fixed length control field 00416nam a22001457a 4500
003 - CONTROL NUMBER IDENTIFIER
control field OSt
005 - DATE AND TIME OF LATEST TRANSACTION
control field 20180605093310.0
008 - FIXED-LENGTH DATA ELEMENTS--GENERAL INFORMATION
fixed length control field 180605b xxu||||| |||| 00| 0 eng d
050 ## - LIBRARY OF CONGRESS CALL NUMBER
Classification number HQ111.A85 2017
100 ## - MAIN ENTRY--PERSONAL NAME
Personal name Atika, N. Pauline
245 ## - TITLE STATEMENT
Title Tolerating the Intolerable: the decriminalization of prostitution in Kenya
Statement of responsibility, etc Pauline Nyaboke Atika
260 ## - PUBLICATION, DISTRIBUTION, ETC. (IMPRINT)
Place of publication, distribution, etc Nairobi
Date of publication, distribution, etc 2017
300 ## - PHYSICAL DESCRIPTION
Extent 82p:
Dimensions 24cm
942 ## - ADDED ENTRY ELEMENTS (KOHA)
Source of classification or shelving scheme
Koha item type Research Project
Holdings
Withdrawn status Lost status Source of classification or shelving scheme Damaged status Not for loan Home library Current library Shelving location Date acquired Total Checkouts Full call number Barcode Date last seen Price effective from Koha item type
          Riara University Library Riara University Library Special Collection 05/06/2018   RUSC HQ111.A85 2017 10016/18 05/06/2018 05/06/2018 Research Project

Riara University Library,
P.O. Box 49940-00100,
Nairobi, Kenya.